00661nam a2200193Ia 4500008004100000020001800041082001900059100001700078245005900095250000700154260004800161300003200209500001900241600002700260650002000287942000700307952013600314999001700450240925s9999 xx 000 0 und d a9788184875157 a515.350285 BUT aButt, Rizwan 3aAn Introduction to Differential Equations using MATLAB aNA aNew Delhi:bNarosa Publishing Housec,2016. aVarious pagesb0fPhotocopy aIncludes Index aEngineering Technology aNatural Science cBK 001040708ETaUITUbUITUd2017-03-03eRoyal Book Company g425.25l0o515.350285 BUTpQ11108r2024-09-25 07:15:57w2024-09-25yBK c13607d13607